1865 1762 1889 1619 1016 1459 1285 1981 1241 1736 1594 1291 1361 1488 1532 1281 1737 1887 1359 1989 1648 1712 1455 1172 1147 1865 1770 1878 1308 1592 1353 1235 1916 1714 1627 1651 1149 1208 1054 1300 1289 1944 1321 1189 1187 1468 1655 1631 1825 1846 1047 1727 1860 1802 1315 1116 1266 1664 1882 1215 1635 1610 1385 1861 1586 1661 1204 1830 1322 1978 1733 1243 1154 1585 1760 1105 1482 1685 1957 1077 1251 1175 1126 1519 1636 1086 1591 1366 1236 1782 1751 1391 1603 1100 1621 1101 1916 1328 1281 BCNSPRNW ULIB Ver.6.0+V

เปลี่ยนเป็นภาษาไทย

Change to English
 แสดงรายละเอียดบรรณานุกรม
  กลับหน้าหลัก

Brief Record : Get Marc (ISO 2709) : E-mail record : QR code < ปิดหน้าต่าง
LEADER : 00000nam 2200000uu 4500
001    13399120530
003     ULIB
008    060907s2548 th a 000 0 tha d
020    ^a9745069701
040    ^abrv
060 04 ^aWB537^bก522 2548
245 00 ^aการส่งเสริมพัฒนาการนวดพื้นบ้านในการดูแลสุขภาพและเสริมสร้างรายได้ชุมชน /^cบรรณาธิการ, ดารณี อ่อนชมจันทร์
250    ^aพิมพ์ครั้งที่ 1
260    ^aนนทบุรี :^bกลุ่มงานการแพทย์พื้นบ้านไทยกรมพัฒนาการแพทย์แผนไทยและการแพทย์ทางเลือก กระทรวงสาธารณสุข,^c2548
300    ^aก-ง, 152 หน้า :^bภาพประกอบ ;^c21 ซม
440  0 ^aชุดภูมิปัญญาพื้นบ้านด้านสุขภาพ ;^v10
500    ^aSend to Single Search
650  4 ^aการนวด^zไทย
700 0  ^aดารณี อ่อนชมจันทร์,^eบรรณาธิการ
710 2  ^aกรมพัฒนาการแพทย์แผนไทยและการแพทย์ทางเลือก.^bกลุ่มงานการแพทย์พื้นบ้านไทย
945    ^p0^l0^i24229
995    ^aกัณชพร
999    ^aใช้งานได้ทุกระบบ
รายการนี้ยังไม่มีแท็ก
คุณยังไม่ได้ล็อกอิน คุณสามารถมีกิจกรรมร่วมกับเว็บไซต์ได้ แต่ต้องล็อกอินก่อน ::
  ล็อกอิน

รายการสื่อสารสนเทศ

ลำดับที่ ประเภท เลขเรียก/บาร์โค้ด สถานที่ สถานะ
- ไม่พบข้อมูล -

BibComment


ยังไม่เคยถูกคอมเมนท์

คอมเมนท์ทรัพยากรรายการนี้
  คอมเมนท์: การส่งเสริมพัฒนา..


 Copyright 2026. Bcnsprnw @Library